000 00419nam a22001577a 4500
005 20251108172532.0
008 250721s2002 xx 000 0 ara d
082 1 4 _a362.17/شاع
100 1 _aالشاعر، عبدالحميد
245 1 0 _aبنوك الدم /
264 1 _aعمان :
_bدار اليازوري،
_c2002.
300 _a434 ص
650 1 7 _aبنوك الدم
942 _2ddc
_cBK
999 _c81868
_d81868